[Event "Torneo Interdepartamental 2020"]
[Site "Punta del Este"]
[Date "2020.10.31"]
[Round "2.6"]
[White "Vaz Lacuesta, Leonardo"]
[Black "Campora, Edgardo"]
[Result "1/2-1/2"]
[WhiteElo "2085"]
[BlackElo "1663"]
[Annotator "TA"]
[PlyCount "130"]
[EventDate "2020.10.31"]
[EventType "team-tourn"]
[EventCountry "URU"]
[SourceTitle "playchess.com"]
[Source "ChessBase"]
[SourceQuality "1"]

{[%evp 13,130,28,62,20,86,58,61,54,68,22,40,22,17,0,0,0,-7,0,42,14,0,-89,-92,-88,-86,-83,-78,-106,-102,-118,-101,-95,-100,-127,-83,-79,0,-78,116,0,5,0,6,6,6,7,8,23,14,0,50,20,315,313,415,26,20,0,0,0,39,0,0,0,0,-458,153,-389,-456,-445,-401,-443,-441,-427,0,0,0,0,0,0,15,14,18,31,52,33,143,0,46,35,443,68,66,60,297,0,66,0,308,302,295,296,304,297,293,285,291,285,261,269,277,0,0,0,0,-16,12,12,10]} 1. e4 e5 2. Nf3 Nc6 3. Bb5 a6 4. Ba4 b5 5. Bb3 Nf6 6. O-O Bc5 7. c3 {7.c3 has become a bit dusty these days.} Bb6 8. d4 {C78: Ruy Lopez: Archangelsk and Möller Defences.} Qe7 (8... d6 $11) 9. Bg5 h6 10. Bh4 {White is slightly better.} d6 11. Bd5 Bd7 12. dxe5 dxe5 {[#]} 13. Bg3 $146 ({Predecessor:} 13. a4 Rd8 14. axb5 axb5 15. Na3 Na7 16. Qe2 c6 17. Bb3 O-O 18. Nc2 Nc8 19. Ra6 {1-0 (39) Gayson,P (2122)-Metcalfe,C (1722) Newcastle 2019}) 13... Rd8 14. Nbd2 O-O 15. Re1 Bc5 16. Bxc6 Bxc6 17. Bxe5 {[#]} (17. Nxe5 $11 Bb7 18. Qc2) 17... Bxf2+ $1 $17 {[%mdl 576] Decoy} 18. Kxf2 Ng4+ {[%mdl 64] Double Attack} 19. Kg1 {Bg3 is the strong threat.} Nxe5 20. Nd4 Bb7 21. Qe2 c5 22. Nf5 Qe6 23. Rf1 Rd7 24. Nb3 Qc6 ({Black should try} 24... Nd3 $17 25. Qg4 Qg6 26. Nxh6+ Qxh6 27. Qxd7 Qe3+ {[%mdl 64] Double Attack} 28. Kh1 Bxe4) 25. Rae1 (25. Qe3 $11 {remains equal.}) 25... Nd3 $2 {[#]} (25... Qc7 $17 {stays on course.}) 26. Qg4 (26. Qxd3 $1 $16 {[%mdl 512]} Rxd3 27. Ne7+ {[%mdl 64] Double Attack} Kh7 28. Nxc6 Bxc6 29. Nxc5) 26... Qg6 $1 $132 {[%cal Rg6g4][%mdl 2048] Black is not keeping still} 27. Nxh6+ $1 gxh6 28. Qxd7 {[%mdl 64] Double Attack} Nxe1 29. Rxe1 Bxe4 {[%csl Ge4][%cal Rg6g2]} 30. Qd2 c4 31. Nc5 Bf5 32. Re3 Qb6 $2 {[%mdl 8192]} (32... Kh7 $11) 33. Qf2 $1 $18 {[%cal Rf2f5]} Rc8 34. Re5 $2 ({And not} 34. Qxf5 Rxc5 35. Qf2 (35. Re8+ Kg7 $11) 35... Qd6 $11) ({White has to play} 34. Nd7 $1 $18 {[%cal Rd7b6]} Qxe3 35. Nf6+ Kg7 36. Qxe3 Kxf6 37. Qxh6+ Ke5 38. Qxa6) 34... Bg6 $11 35. Qe3 Kh7 36. h4 h5 37. Kh1 Qf6 38. Qg3 Rd8 39. Ne4 $2 {[%mdl 8192]} (39. Qe1 $11 {and White is okay.}) 39... Qf1+ $19 40. Kh2 Rd1 {[%csl Gd1][%cal Rf1h1]} 41. Nf2 Qg1+ $1 42. Kh3 Rd2 43. Ne4 Rd3 $2 (43... Qh1+ $19 44. Qh2 Rd3+ 45. g3 Bxe4 46. Qxh1 Bxh1 47. Rxh5+ Kg6 48. Rg5+ Kf6) 44. Ng5+ $11 Kg7 {[%cal Rg1h1]} (44... Kh6 $5 45. Nf3 $8 Qh1+ 46. Qh2 Rd1 $11) 45. Nf3 Qh1+ 46. Qh2 Qf1 {( -> ...Rxf3+)} 47. Qf4 {Black should prevent Re8.} Qh1+ 48. Kg3 Qd1 49. Re8 {Threatens to win with Qe5+.} Rd7 (49... Rd6 $1 $14) 50. Re5 (50. Nd4 $1 $16 {[%cal Rd4e6] White threatens Ne6+! and mate.} Qg4+ 51. Qxg4 hxg4 52. a3) 50... Rd3 51. Kh2 Qf1 $2 {[%mdl 8192]} (51... Rd6 $1 $14) 52. Re1 $2 (52. Re8 $18 Rxf3 53. Qxf3 (53. gxf3 Qf2+ {[%mdl 64] Double Attack} 54. Kh1 Qf1+ 55. Kh2 Qf2+ {[%mdl 64] Double Attack} 56. Kh3 Qf1+ 57. Kh2 $11) 53... Qxf3 54. gxf3) 52... Qf2 $14 {Strongly threatening ...Rxf3!} 53. Re8 {Threatening mate with Qe5+.} Rd7 $2 ({Black should play} 53... Rd5 $14) 54. Re5 $2 (54. Qb8 $1 $18 {Rg8+ would kill now.} Qc5 55. Rg8+ Kh7 56. Rxg6 $1 {[%mdl 576] Decoy} Kxg6 57. Ne5+ {[%mdl 64] Double Attack} Kh7 58. Nxd7) 54... Rd3 (54... Qxb2 $11 55. Nd4 Qa3) 55. Re8 $2 (55. a4 $14) 55... Rd7 $1 $18 56. Qb8 $1 {Intending Rg8+ and mate.} Qc5 57. Rg8+ Kf6 58. Qf4+ Qf5 59. Qh6 {And now Re8 would win.} Ke7 60. Qf8+ Kf6 {[#] intending ...Qf4+.} 61. Qg7+ $1 Ke7 {[#]} 62. Qe5+ $2 ({Only move:} 62. Qh6 $1 $18) 62... Qxe5+ $11 {The position is equal.} 63. Nxe5 Rd6 64. Nf3 Kf6 65. Nd4 Ke5 {A wild game. Av CentiPawn Loss W=-51/B=-44. Weighted=-66/-62} 1/2-1/2

[Event "Torneo Interdepartamental 2020"]
[Site "Punta del Este"]
[Date "2020.10.31"]
[Round "2.7"]
[White "Ibanez, Marcelo"]
[Black "Coppola, Claudio"]
[Result "1-0"]
[WhiteElo "2025"]
[BlackElo "2278"]
[Annotator "TA"]
[PlyCount "67"]
[EventDate "2020.10.31"]
[EventType "team-tourn"]
[EventCountry "URU"]
[SourceTitle "playchess.com"]
[Source "ChessBase"]
[SourceQuality "1"]

{[%evp 17,67,54,60,64,66,64,70,70,76,49,57,47,61,0,93,100,95,79,100,100,111,58,75,40,62,11,14,12,11,0,0,0,0,-6,6,5,2,0,0,-13,0,-45,268,-15,260,-404,0,0,0,0,0,0]} 1. d4 Nf6 2. c4 c5 3. d5 b5 4. cxb5 a6 5. bxa6 g6 6. Nc3 Bg7 7. Nf3 Bxa6 8. e4 Bxf1 9. Kxf1 d6 10. g3 {A59: Benko/Volga Gambit: White castles by hand.} O-O 11. a4 Na6 12. Kg2 {[#] White is slightly better.} Qb8 $146 ({Predecessor:} 12... Qb6 13. Qe2 Nc7 14. Bd2 Rfb8 15. Rhb1 Nd7 16. Be1 Ne5 17. Nxe5 Bxe5 18. Ra3 Qa6 19. Kf1 f5 {0-1 (33) Studer,N (2494)-Milanovic,D (2494) Skopje 2018}) 13. Ra3 Qb7 14. Re1 Nd7 15. Nb5 (15. Qe2 $14) 15... Nc7 (15... Nb6 $11) 16. Nxc7 $16 Qxc7 17. Qc2 Rfb8 18. b3 c4 19. bxc4 ({Better is} 19. Qxc4 $16 Qxc4 20. bxc4) 19... Rb4 $14 20. c5 Qxc5 21. Qd3 (21. Qa2 $14) 21... Rbxa4 22. Rxa4 Rxa4 23. Be3 Qc4 24. Qxc4 Rxc4 25. Nd2 Rc2 26. Rb1 Kf8 27. Rb7 Ke8 28. Nb3 Rb2 29. Bd2 Nc5 $2 {[%mdl 8192] [#]} (29... f5 $15 {stays ahead.} 30. exf5 gxf5) 30. Rb8+ $1 $18 Kd7 {[#]} 31. Bg5 $4 {[%mdl 8192]} (31. Ba5 $1 $18 {[%csl Ga5][%cal Rb8d8] was the only winning move.} Ne6 32. dxe6+ fxe6 33. Rb6) 31... e6 $2 ({Weaker is} 31... Nxb3 32. Rb7+ Kc8 33. Rxe7 $19) (31... Rxb3 $19 32. Rxb3 Nxb3) 32. Rd8+ {The position is equal.} Kc7 33. Nxc5 dxc5 34. d6+ {[%mdl 32768] Av CentiPawn Loss W=-39/B=-52. Weighted=-77/-83. Loss on time!?} 1-0

[Event "Torneo Interdepartamental 2020"]
[Site "Punta del Este"]
[Date "2020.10.31"]
[Round "2.8"]
[White "Chamlian, Aram"]
[Black "Casas, Nicolas"]
[Result "1-0"]
[WhiteElo "1710"]
[BlackElo "1812"]
[Annotator "NA RC"]
[PlyCount "48"]
[EventDate "2020.10.31"]
[EventType "team-tourn"]
[EventCountry "URU"]
[SourceTitle "playchess.com"]
[Source "ChessBase"]
[SourceQuality "1"]
[TimeControl "3600+30"]

{[%evp 8,48,74,42,99,57,62,31,40,44,47,0,57,47,90,67,71,77,66,56,79,61,179,175,165,155,141,151,162,158,141,160,176,157,177,107,123,31,138,43,183,213,203]} 1. e4 {[%emt 0:04:18]} d5 {[%emt 0:03:01]} 2. exd5 {[%emt 0:00:08]} Nf6 {[%emt 0:00:13]} 3. d4 {[%emt 0:01:14]} Nxd5 {[%emt 0:00:23]} 4. Nf3 {[%emt 0:03:14]} Bg4 {[%emt 0:00:40]} 5. Be2 {[%emt 0:02:27]} g6 {[%emt 0:01:27]} 6. O-O {[%emt 0:01:04] B01: Scandinavian Defence.} Bg7 $1 {[%emt 0:00:22]} 7. Ne5 {[%emt 0:01:17]} Bxe2 {[%emt 0:02:20]} 8. Qxe2 {[%emt 0:00:14]} O-O {[%emt 0:00:32] [#]} 9. c4 $146 {[%emt 0:02:39]} ({Predecessor:} 9. Rd1 c6 10. c4 Nb6 11. Nc3 N8d7 12. Bf4 Nxe5 13. dxe5 Qc8 14. c5 Qf5 15. Qe4 Qxe4 16. Nxe4 Nd5 {½-½ (16) Meade,P (1950)-Jina,T (1724) England 2014}) 9... Nf6 {[%emt 0:00:42]} 10. Be3 {[%emt 0:01:13]} Nbd7 {[%emt 0:07:52]} (10... Nfd7 $11) 11. Nc3 {[%emt 0:07:22]} c6 {[%emt 0:02:42]} 12. Rad1 {[%emt 0:01:01]} Qc7 {[%emt 0:01:04]} 13. Bg5 {[%emt 0:05:45]} e6 {[%emt 0:10:23]} 14. Rfe1 {[%emt 0:04:08]} c5 {[%emt 0:06:37]} ({Black should play} 14... a6 $14) 15. Nb5 {[%emt 0:04:58]} Qb6 {[%emt 0:07:36]} 16. dxc5 {[%emt 0:01:15]} Qxc5 {[%emt 0:00:50]} 17. Nxd7 {[%emt 0:02:52]} Nxd7 {[%emt 0:02:28] [#]} 18. Be3 $1 {[%emt 0:00:49]} ({Don't take} 18. Rxd7 $6 Qxg5 19. Rxb7 Qc5 $14) 18... Qe7 {[%emt 0:02:27]} 19. Bxa7 {[%emt 0:02:49]} Nb8 {[%emt 0:08:16]} 20. Qe3 {[%emt 0:00:57]} Na6 {[%emt 0:04:37]} 21. Re2 {[%emt 0:04:45]} (21. b3 $18) 21... Rfd8 {[%emt 0:02:25]} 22. Red2 {[%emt 0:00:33]} (22. Rdd2 $16) 22... Rxd2 {[%emt 0:00:23]} (22... Bxb2 $1 $11 23. h3 Rxd2 24. Qxd2 Bf6) 23. Qxd2 {[%emt 0:00:50]} (23. Rxd2 $16 Nb8 24. g3) 23... Qb4 {[%emt 0:02:46] [#]} (23... Nc7 $14 24. Nd6 Ne8 25. Nxe8 Qxe8) 24. b3 $1 {[%emt 0:02:10]} Bf8 $18 1-0

[Event "Torneo Interdepartamental 2020"]
[Site "Punta del Este"]
[Date "2020.10.31"]
[Round "2.9"]
[White "Dominguez Orono, Walter"]
[Black "Escofet, Jaime"]
[Result "1/2-1/2"]
[WhiteElo "1668"]
[BlackElo "2001"]
[Annotator "TA"]
[PlyCount "46"]
[EventDate "2020.10.31"]
[EventType "team-tourn"]
[EventCountry "URU"]
[SourceTitle "playchess.com"]
[Source "ChessBase"]
[SourceQuality "1"]

{[%evp 15,46,68,72,57,116,94,110,108,118,109,115,118,110,101,89,0,118,111,104,100,159,92,90,68,78,66,72,64,93,69,116,54,56]} 1. e4 d5 2. exd5 Nf6 3. d4 Nxd5 4. c4 Nf6 5. Nc3 g6 6. Nf3 Bg7 7. Be2 O-O 8. O-O Nbd7 9. h3 {B01: Scandinavian Defence.} Nb6 (9... b6 $14) 10. Be3 $16 c6 11. Qd2 {White is better.} Bf5 12. Rad1 Ne4 13. Nxe4 Bxe4 {[#]} 14. Ng5 $146 ({Predecessor:} 14. b3 Bxf3 15. Bxf3 e6 16. Rfe1 Qc7 17. Bf4 Qd7 18. Qb4 Rfe8 19. a4 Bf8 20. Qa5 f6 {½-½ (20) Schwab,T (2101)-Roos,T (2198) Reil 2011}) 14... Bf5 15. Nf3 (15. g4 $16 Bc8 16. Nf3) 15... Qc8 (15... Be4 $1 $11 {keeps the balance.}) 16. b3 Rd8 17. Bh6 Bh8 ({Black should try} 17... Be4) 18. Qe3 (18. Qf4 $142) 18... Qe6 19. Qxe6 Bxe6 20. Rfe1 a5 21. Be3 {Hoping for d5.} Nd7 {[%cal Bb6d7,Bd7f8,Bf8e6][%mdl 32]} 22. Ng5 Nf8 {[#]} 23. Nxe6 ({White should play} 23. Bf3 $1 $16) 23... Nxe6 {Av CentiPawn Loss W=-23/B=-23. Weighted=-24/-23} 1/2-1/2

[Event "Torneo Interdepartamental 2020"]
[Site "Punta del Este"]
[Date "2020.10.31"]
[Round "2.11"]
[White "Gatti, Santiago"]
[Black "Pinero, Ismael"]
[Result "0-1"]
[WhiteElo "1691"]
[BlackElo "1882"]
[Annotator "NA RC"]
[PlyCount "82"]
[EventDate "2020.10.31"]
[EventType "team-tourn"]
[EventCountry "URU"]
[SourceTitle "playchess.com"]
[Source "ChessBase"]
[SourceQuality "1"]
[TimeControl "3600+30"]

{[%evp 11,82,24,80,35,57,27,15,33,43,49,26,39,31,27,35,19,39,28,65,51,85,0,185,193,198,10,0,0,0,0,4,0,0,-13,0,0,-6,0,32767,32767,32767,-96,0,-6,0,0,0,-174,0,-8,0,-70,-14,-28,32767,-41,-20,-49,-26,-127,-34,-177,-206,-353,-459,-428,-402,-375,-396,-420,-343,-596,-740]} 1. d4 {[%emt 0:00:00]} Nf6 {[%emt 0:00:00]} 2. Nf3 {[%emt 0:00:00]} g6 {[%emt 0:00:23]} 3. Bf4 {[%emt 0:00:37]} Bg7 {[%emt 0:00:02]} 4. Nc3 {[%emt 0:02:28]} d6 {[%emt 0:00:30]} 5. e4 {[%emt 0:01:32]} O-O {[%emt 0:00:03]} 6. Be2 {[%emt 0:01:26]} Nfd7 {[%emt 0:00:47] B08: Pirc Defence: Classical System.} (6... Nbd7 $11) 7. O-O {[%emt 0:06:02]} Nc6 {[%emt 0:01:57] [#]} 8. h3 $146 {[%emt 0:08:15]} ({Predecessor:} 8. Bb5 a6 9. Bxc6 bxc6 10. Re1 c5 11. dxc5 Nxc5 12. Qd2 Rb8 13. Rab1 Bb7 14. Qe3 Ne6 {0-1 (45) Golecka,J (1067)-Mielczarek,J (1562) Szczyrk 2014}) 8... Nxd4 {[%emt 0:08:38]} 9. Nxd4 {[%emt 0:02:19]} e5 {[%emt 0:00:10]} 10. Be3 {[%emt 0:00:25]} exd4 {[%emt 0:00:18]} 11. Bxd4 {[%emt 0:00:07]} Nf6 {[%emt 0:00:45]} 12. Bf3 {[%emt 0:09:22]} Re8 {[%emt 0:04:02]} 13. Re1 {[%emt 0:00:55]} c6 {[%emt 0:01:20]} 14. Qd2 {[%emt 0:07:09]} Be6 {[%emt 0:02:50]} 15. Rad1 {[%emt 0:00:33]} Qe7 {[%emt 0:06:02]} 16. e5 {[%emt 0:03:59]} ({Better is} 16. Nd5 $16 Nxd5 17. exd5 cxd5 18. Bxd5) 16... Nd7 $2 {[%emt 0:04:40]} (16... dxe5 $11 17. Bxe5 Rad8) 17. exd6 {[%emt 0:01:08]} Qxd6 {[%emt 0:00:03]} 18. Ne4 $2 {[%emt 0:04:09]} (18. Bxg7 $18 Qxd2 19. Rxd2 Kxg7 {[#]} 20. Rxe6 $1 {[%mdl 576] Remove Defender} Rxe6 21. Rxd7) 18... Qxd4 {[%emt 0:01:36]} 19. Qxd4 {[%emt 0:00:20]} Bxd4 {[%emt 0:00:02]} 20. Rxd4 {[%emt 0:00:10]} Bd5 {[%emt 0:02:49]} 21. c4 {[%emt 0:01:24]} Bxe4 $1 {[%emt 0:00:17]} 22. Rdxe4 {[%emt 0:00:13]} Kf8 {[%emt 0:02:29]} 23. Rxe8+ {[%emt 0:03:26]} Rxe8 {[%emt 0:00:13]} 24. Rxe8+ {[%emt 0:00:01]} Kxe8 {[%emt 0:00:02]} 25. b4 {[%emt 0:02:07]} Ke7 {[%emt 0:00:09]} 26. Kf1 {[%emt 0:08:05]} ({Better is} 26. Be2 $15) 26... Ne5 (26... Ke6 $17) 27. Be2 Kd6 {[%emt 0:05:26]} 28. Ke1 {[%emt 0:00:31]} c5 {[%emt 0:00:58]} 29. a3 $2 {[%emt 0:00:24]} (29. b5 $11 {and White has nothing to worry.}) 29... b6 $2 {[%emt 0:00:53]} (29... cxb4 $19 30. axb4 Nc6) 30. Kd2 {[%emt 0:00:19]} Nc6 {[%emt 0:01:37]} 31. Kc3 {[%emt 0:00:51]} ({White should play} 31. b5 $11 Nd4 32. Bd3) 31... Nd4 {[%emt 0:02:20]} 32. Bd1 {[%emt 0:02:15]} Ke5 {[%emt 0:00:45]} 33. bxc5 {[%emt 0:01:08]} bxc5 {[%emt 0:00:04]} 34. Kd3 $1 {[%emt 0:00:36]} f5 {[%emt 0:00:35]} 35. Ke3 {[%emt 0:01:45] [#]} ({White should play} 35. g3 $15) 35... g5 {[%emt 0:00:56]} ({Better is} 35... f4+ $1 $17 36. Kd3 h5) 36. f3 {[%emt 0:01:55]} ({Better is} 36. Kd3 $15) 36... f4+ {[%emt 0:01:29]} 37. Kf2 {[%emt 0:01:49]} (37. Kd3 {might work better.}) 37... h6 {[%emt 0:00:24]} 38. g3 {[%emt 0:00:42]} Ne6 {[%emt 0:00:16]} 39. gxf4+ {[%emt 0:00:30]} Nxf4 {[%emt 0:00:23]} 40. Kg3 Kd4 41. h4 $19 Kxc4 0-1

[Event "Torneo Interdepartamental 2020"]
[Site "Punta del Este"]
[Date "2020.10.31"]
[Round "2.12"]
[White "Barboza, Mauro"]
[Black "Delbono, Ruben"]
[Result "1-0"]
[WhiteElo "1874"]
[BlackElo "1573"]
[Annotator "NA RC"]
[PlyCount "55"]
[EventDate "2020.10.31"]
[EventType "team-tourn"]
[EventCountry "URU"]
[SourceTitle "playchess.com"]
[Source "ChessBase"]
[SourceQuality "1"]
[TimeControl "3600+30"]

{[%evp 8,55,23,24,29,12,32,42,61,36,27,20,16,40,26,37,37,-6,30,33,119,116,469,481,606,613,631,675,671,643,613,0,690,681,645,683,748,802,777,589,716,660,703,706,660,718,718,622,622,645]} 1. e4 {[%emt 0:08:18]} c5 {[%emt 0:00:00]} 2. Nf3 {[%emt 0:00:10]} d6 {[%emt 0:00:13]} 3. d4 {[%emt 0:00:07]} cxd4 {[%emt 0:00:25]} 4. Nxd4 {[%emt 0:00:16]} Nf6 {[%emt 0:00:26]} 5. Nc3 {[%emt 0:00:53]} a6 {[%emt 0:01:12]} 6. Be2 {[%emt 0:00:22]} Nc6 {[%emt 0:00:43]} 7. Be3 {[%emt 0:00:07]} g6 {[%emt 0:00:40]} 8. O-O {[%emt 0:01:35]} Bg7 {[%emt 0:00:31]} 9. h3 {[%emt 0:00:51]} O-O {[%emt 0:00:31]} 10. Qd2 {[%emt 0:00:54]} Re8 {[%emt 0:00:52] B73: Sicilian Dragon: Classical System without 9 Nb3.} 11. Rad1 {[%emt 0:00:12]} Bd7 {[%emt 0:01:22]} 12. Nb3 {[%emt 0:00:46]} Rc8 {[%emt 0:01:28]} 13. f4 {[%emt 0:01:11] [#]} Na5 $146 {[%emt 0:02:18]} ({Black should try} 13... b5 $14) ({Predecessor:} 13... Be6 14. f5 {½-½ (14) Albrecht,J (2140)-Bodach,H (2183) Dresden 2017}) 14. e5 {[%emt 0:01:57]} Rxc3 $4 {[%emt 0:04:37]} (14... Nh5 $16) 15. Qxc3 {[%emt 0:05:41]} ({Less strong is} 15. bxc3 Ne4 $16) 15... Ne4 {[%emt 0:00:33]} 16. Qxa5 {[%emt 0:00:17]} Ng3 {[%emt 0:03:24]} 17. Qxd8 Rxd8 $11 18. Rf2 {[%emt 0:11:01]} (18. Rfe1 Nxe2+ 19. Rxe2 Bb5) 18... Ne4 {[%emt 0:03:06]} 19. Rff1 $2 {[%emt 0:00:53]} (19. Rf3 $18) 19... Bc6 $2 {[%emt 0:00:12]} 20. Bf3 {[%emt 0:03:38]} Ng3 {[%emt 0:02:54]} 21. Rf2 {[%emt 0:00:55]} Nf5 {[%emt 0:00:28]} 22. Bb6 {[%emt 0:00:35]} Rc8 {[%emt 0:00:15]} 23. Bg4 {[%emt 0:01:22]} Be4 {[%emt 0:02:19]} 24. Bxf5 {[%emt 0:00:28]} Bxf5 {[%emt 0:00:24]} 25. exd6 {[%emt 0:00:10]} exd6 {[%emt 0:00:56]} 26. Rxd6 {[%emt 0:00:13]} Bxb2 {[%emt 0:00:51]} 27. Rd8+ {[%emt 0:00:13]} Rxd8 $18 {[%emt 0:01:02]} 28. Bxd8 {[%emt 0:00:09]} 1-0

[Event "Torneo Interdepartamental 2020"]
[Site "Punta del Este"]
[Date "2020.11.01"]
[Round "3.1"]
[White "Dominguez, Facundo"]
[Black "Bustelo, Tabare"]
[Result "1/2-1/2"]
[WhiteElo "2170"]
[BlackElo "2053"]
[Annotator "TA"]
[PlyCount "86"]
[EventDate "2020.10.31"]
[EventType "team-tourn"]
[EventCountry "URU"]
[SourceTitle "playchess.com"]
[Source "ChessBase"]
[SourceQuality "1"]

{[%evp 16,86,33,31,44,37,45,33,49,34,41,43,52,57,69,68,95,66,81,77,102,11,100,96,106,114,140,160,145,74,200,203,174,190,200,158,140,148,256,256,256,250,296,282,300,297,293,269,282,190,197,113,204,-113,-122,-122,-112,-112,-31,-34,-41,-39,-27,-179,-9,-19,-24,-11,-16,-12,0,0,0]} 1. e4 c5 2. Nf3 Nc6 3. d4 cxd4 4. Nxd4 e5 5. Nb5 d6 6. c4 Nf6 7. N1c3 a6 8. Na3 Be7 9. Be2 O-O {B32: Sicilian: Löwenthal and Kalashnikov Variations.} 10. O-O Nd4 11. Nc2 Nxe2+ {White is slightly better.} 12. Qxe2 b5 13. cxb5 axb5 {[#]} 14. Nb4 $146 ({Predecessor:} 14. Nxb5 Ba6 15. a4 Bxb5 16. axb5 Rxa1 17. Nxa1 Qa8 18. Bg5 Rb8 19. Nc2 d5 20. Bxf6 Bxf6 21. exd5 Qxd5 {½-½ (57) Mednis,E-Theodorovich,I Oklahoma City 1956}) 14... Be6 15. Qxb5 Qc8 16. Nbd5 Bd8 17. Rd1 Bxd5 18. exd5 ({Better is} 18. Nxd5 $16 Nxe4 19. a4) 18... Ra5 (18... Ba5 $1 $11) 19. Qe2 $16 Qb7 20. Rb1 Bb6 21. Bg5 Ne8 22. Be3 (22. a4 $142) 22... f5 (22... Bxe3 $16 {might work better.} 23. fxe3 (23. Qxe3 Nf6 $14) 23... Qb6) 23. Bxb6 $18 Qxb6 24. b4 Ra3 25. Nb5 Ra8 26. Rdc1 Rb8 (26... Qa6 $16 27. Rc6 Qxa2 28. Qxa2 Rxa2) 27. a4 Qa6 28. Ra1 Qb7 29. Rc6 e4 30. Qc4 Qe7 31. Nd4 Qe5 32. Rd1 Nf6 33. Ne6 (33. h3 $18) 33... Ng4 (33... e3 $16 34. f3 (34. Nxf8 $2 Ng4 $19) 34... e2) 34. g3 $2 (34. Nxf8 $2 e3 $19) (34. Qc3 $18) 34... e3 $17 35. Qd4 {Strongly threatening fxe3.} (35. Nxf8 exf2+ 36. Kg2 (36. Kh1 Qe3 $19) 36... Ne3+ 37. Kh3 Nxc4 $19) 35... exf2+ 36. Kg2 {[#] With the idea Qxe5.} Ne3+ (36... Rxb4 $1 $17 {[%mdl 512]} 37. Qxe5 (37. Qxb4 Qe2) 37... dxe5) 37. Kxf2 $15 Nxd1+ 38. Qxd1 f4 {( -> ...fxg3+)} 39. gxf4 $2 (39. Nxf8 $11 {and White is okay.} Rxf8 40. Kg2) 39... Rxf4+ $2 (39... Rxb4 $19 40. Rc2 Rxa4 41. Nxf8 Rxf4+ {[%mdl 64] Double Attack} 42. Kg2 Qe4+ 43. Kg3 Rxf8) 40. Nxf4 $11 Qxf4+ {[%mdl 64] Double Attack} 41. Kg2 $1 Qxb4 {aiming for ...Qe4+.The position is equal.} 42. Qe2 {Hoping for Qe6+.} Rf8 43. Rc8 Rxc8 {Black escapes into a draw. Av CentiPawn Loss W=-26/B=-24. Weighted=-34/-22} 1/2-1/2

[Event "Torneo Interdepartamental 2020"]
[Site "Punta del Este"]
[Date "2020.11.01"]
[Round "3.2"]
[White "Moreira, Marcelo"]
[Black "Carbone, Diego"]
[Result "0-1"]
[WhiteElo "2077"]
[BlackElo "2219"]
[Annotator "TA"]
[PlyCount "32"]
[EventDate "2020.10.31"]
[EventType "team-tourn"]
[EventCountry "URU"]
[SourceTitle "playchess.com"]
[Source "ChessBase"]
[SourceQuality "1"]

{[%evp 15,32,27,28,-41,0,-2,0,-214,-201,-347,-345,-379,-369,-357,-365,-372,-354,-344,-333]} 1. Nf3 Nf6 2. c4 e6 3. Nc3 d5 4. cxd5 exd5 5. d4 Bb4 6. Bg5 h6 7. Bh4 g5 {7...0-0 is setting a new trend.} 8. Bg3 Ne4 9. Qb3 {D38: Queen's Gambit Declined: Ragozin Defence (4 Nf3 Bb4).} (9. Nd2 $1 $11) 9... c5 {[#] White should prevent ...Nc6.} 10. e3 $146 ({Predecessor:} 10. dxc5 Nc6 11. O-O-O Bxc3 12. bxc3 Qa5 13. Ne5 Nxg3 14. Nxc6 bxc6 15. hxg3 Bf5 16. e3 Ke7 {½-½ (25) Karavade,E (2321)-Ramaswamy,A (2228) Chennai 2006}) 10... Qa5 {[%cal Re4c3]} 11. Rc1 $2 (11. Qxd5 $11 Bxc3+ 12. Kd1 Nxg3 13. Qe5+ Kd7 14. hxg3 Bxb2 15. Qd5+ Ke8 16. Qe5+ {[%mdl 64] Double Attack} Kd7 17. Rb1 Qa4+ 18. Kd2 Qa5+ 19. Kd1 Qa4+ 20. Kd2 Qa5+ 21. Kd1) 11... c4 $19 12. Qc2 {[#]} (12. Bxc4 {was called for.} dxc4 13. Qxc4) 12... Bf5 $1 13. Qd1 Nxc3 14. bxc3 Bxc3+ 15. Nd2 Nc6 16. Be2 O-O-O 0-1